000 00569nam a2200181Ia 4500
003 GCL
008 140319s9999 xx 000 0 ara d
040 _aGCL /
_cGCL
082 0 4 _aم
_b017.5
_bم ف
100 1 _aخالد الريان
245 1 0 _aفهرس مخطوطات دار الكتب الظاهرية : التاريخ وملحقاته (الجزء الثانى فقط) /
_cخالد الريان
300 _a2 جزء
490 _a
650 0 4 _aالتاريخ
650 0 4 _aالمخطوطات العربية
650 0 4 _aالفهارس
942 _2ddc
_cBK
999 _c46402
_d46402